000 00655nam a22002177a 4500
003 UA-OsUOA
001 124920
007 ta
008 20170830b un ||||| |||| 00| 0 ukr d
100 _aТатомир І. Л.
090 _a330(477)
_bТ23
942 _cSA
040 _aUA-OsUOA
_bukr
_cUA-OsUOA
_dUA-OsUOA
245 _aПерспективні напрями венчурного інвестування освітніх стартапів
300 _aС. 43-56
955 _a0
041 _aukr
080 _a330(477)
773 0 _w124918
_tФінанси України
_dК.
_d2017
_g7
650 7 _a330 Економіка взагалі
_2UDC
999 _c412106
_d412106